000 005180000a22001810004500
003 MACL
005 20160225131802.0
008 160225b xxu||||| |||| 00| 0 eng d
040 _aMACL
_cMACL
041 _aHindi
082 _a800
100 _aश्रीव्‍यथितहदय
_940358
245 _aहमारे नाटयकार
260 _bरामप्रसाद एण्‍ड संस
_c1965
_aआगरा
350 _a3
650 _aLiteracture
_939932
942 _cHIN
_k800
_2ddc
999 _c25437
_d25437